000
00212 a2200097 4500
001
13444
100
_a
Zaslavsky, V
245
_a
American foreign policy
260
_a
New York
_b
Rinehart
_c
090
_c
10457
_d
10457
942
_a
NUST-CAE
_c
M
_c
511
999
_c
248517
_d
248517